[Event "Sao Paulo Salles Cup 12th"]
[Site "Sao Paulo"]
[Date "2018.04.20"]
[Round "1"]
[White "Pessoto, Lara Garcia"]
[Black "Borger, Daniel"]
[Result "0-1"]
[WhiteElo "1158"]
[BlackElo "1642"]
[PlyCount "66"]
[EventDate "2018.04.20"]
[EventType "swiss"]
[EventRounds "6"]
[EventCountry "BRA"]
[SourceTitle "CBM 184 Extra"]
[Source "ChessBase"]
[SourceDate "2018.06.28"]
[SourceVersion "1"]
[SourceVersionDate "2018.06.28"]
[SourceQuality "1"]

1. e4 c5 2. Nf3 Nc6 3. d3 g6 4. Be3 Bg7 5. Bxc5 Bxb2 6. Nbd2 Bxa1 7. Qxa1 Nf6 8. Be2 0-0 9. 0-0 d6 10. Be3 Ng4 11. Bf4 e5 12. Bg5 f6 13. Bh4 Be6 14. h3 Nh6 15. Nh2 Nd4 16. Bg4 Nxg4 17. Nxg4 Bxg4 18. hxg4 Nxc2 19. Qb2 Nd4 20. f4 Ne2+ 21. Kh1 Nxf4 22. Rf3 Qd7 23. Rg3 Ne2 24. Rf3 Qxg4 25. Qb3+ Kh8 26. Rh3 Nf4 27. Rh2 Nxg2 28. Bxf6+ Rxf6 29. Qxb7 Qd1+ 30. Kxg2 Qxd2+ 31. Kg3 Qe3+ 32. Kg4 Qf3+ 33. Kg5 Qf4# 0-1

[Event "Sao Paulo Karman Cup 13th"]
[Site "Sao Paulo"]
[Date "2017.11.25"]
[Round "4"]
[White "Pessoto, Lara Garcia"]
[Black "Pessoa Sob, Caetano Estelita C"]
[Result "0-1"]
[WhiteElo "1182"]
[BlackElo "1171"]
[PlyCount "60"]
[EventDate "2017.11.24"]
[EventType "swiss"]
[EventRounds "6"]
[EventCountry "BRA"]
[SourceTitle "CBM 181 Extra"]
[Source "ChessBase"]
[SourceDate "2017.12.12"]
[SourceVersion "1"]
[SourceVersionDate "2017.12.12"]
[SourceQuality "1"]

1. e4 c5 2. d4 cxd4 3. Qxd4 Nc6 4. Qa4 Qa5+ 5. c3 Qxa4 6. Nd2 Qa5 7. Bd3 Nf6 8. Nc4 Qd8 9. Nf3 d6 10. 0-0 h6 11. Re1 e5 12. Bd2 Bg4 13. Nh4 Be7 14. f3 Be6 15. Be3 0-0 16. Rad1 d5 17. exd5 Nxd5 18. Nf5 Nxe3 19. Nxe7+ Qxe7 20. Rxe3 Bxc4 21. Bxc4 Qc5 22. Rde1 Qxc4 23. Re4 Qc5+ 24. Kh1 Rfd8 25. R4e2 Rd7 26. Rf1 Rad8 27. h4 Qc4 28. Ree1 Qxh4+ 29. Kg1 Rd2 30. b3 Qg3 0-1

[Event "Sao Paulo Schutt op 14th"]
[Site "Sao Paulo"]
[Date "2017.09.17"]
[Round "5"]
[White "Neto, Valdeno Brito"]
[Black "Pessoto, Lara Garcia"]
[Result "1-0"]
[WhiteElo "1195"]
[BlackElo "1172"]
[PlyCount "61"]
[EventDate "2017.09.15"]
[EventType "swiss"]
[EventRounds "6"]
[EventCountry "BRA"]
[SourceTitle "CBM 180 Extra"]
[Source "ChessBase"]
[SourceDate "2017.10.06"]
[SourceVersion "1"]
[SourceVersionDate "2017.10.06"]
[SourceQuality "1"]

1. f4 f5 2. b3 Nf6 3. Bb2 e6 4. e3 Nc6 5. Nf3 d6 6. Be2 Bd7 7. 0-0 g6 8. c4 Qe7 9. Nc3 Bg7 10. Qc2 0-0-0 11. a3 Ng4 12. b4 g5 13. b5 Na5 14. Nxg5 c6 15. Qa4 b6 16. h3 Nh6 17. d4 Kb8 18. Bf3 Rc8 19. Ne2 Rhg8 20. Bc3 Bf6 21. Bxa5 Kb7 22. Rab1 Bxg5 23. fxg5 Qxg5 24. Bb4 Qxe3+ 25. Rf2 e5 26. Bxd6 a5 27. bxa6+ Ka7 28. Rxb6 Qd2 29. Rb7+ Ka8 30. Bc5 Rb8 31. Ra7# 1-0

[Event "Sao Paulo Schutt op 14th"]
[Site "Sao Paulo"]
[Date "2017.09.17"]
[Round "6"]
[White "Pessoto, Lara Garcia"]
[Black "Barros, Roberto Viana Do Re"]
[Result "1-0"]
[WhiteElo "1172"]
[BlackElo "1408"]
[PlyCount "41"]
[EventDate "2017.09.15"]
[EventType "swiss"]
[EventRounds "6"]
[EventCountry "BRA"]
[SourceTitle "CBM 180 Extra"]
[Source "ChessBase"]
[SourceDate "2017.10.06"]
[SourceVersion "1"]
[SourceVersionDate "2017.10.06"]
[SourceQuality "1"]

1. e4 c5 2. Nf3 Nc6 3. d4 cxd4 4. Nxd4 Nf6 5. f3 e5 6. Nxc6 bxc6 7. Be3 d5 8. Nd2 Be7 9. Bd3 0-0 10. 0-0 d4 11. Bg5 Rb8 12. Nc4 Qc7 13. f4 exf4 14. Bxf4 Qb7 15. Bxb8 Qxb8 16. e5 Nd5 17. Qh5 h6 18. Rae1 Be6 19. Rf3 Ne3 20. Rg3 Nxc4 21. Qxh6 1-0

[Event "Sao Paulo Salles Cup 11th"]
[Site "Sao Paulo"]
[Date "2017.03.25"]
[Round "3"]
[White "Gabriel, Claudiomar"]
[Black "Pessoto, Lara Garcia"]
[Result "1-0"]
[WhiteElo "1589"]
[BlackElo "1664"]
[PlyCount "51"]
[EventDate "2017.03.24"]
[EventType "swiss (blitz)"]
[EventRounds "6"]
[EventCountry "BRA"]
[SourceTitle "CBM 177 Extra"]
[Source "ChessBase"]
[SourceDate "2017.04.27"]
[SourceVersion "1"]
[SourceVersionDate "2017.04.27"]
[SourceQuality "1"]

1. Nf3 Nf6 2. g3 e6 3. Bg2 d5 4. d3 Nc6 5. 0-0 Bc5 6. Nbd2 Qe7 7. Nb3 Bb4 8. c3 Bd6 9. e4 0-0 10. Re1 Ne5 11. Nxe5 Bxe5 12. d4 Bxg3 13. fxg3 Nxe4 14. Bxe4 dxe4 15. Rxe4 b6 16. Qd3 a5 17. Rh4 g6 18. Bh6 Rd8 19. Qe3 Rd5 20. Rf1 Qd7 21. Nd2 Ba6 22. Ne4 Qb5 23. Nf6+ Kh8 24. Bg7+ Kxg7 25. Qh6+ Kh8 26. Qxh7# 1-0

[Event "Sao Paulo Salles Cup 11th"]
[Site "Sao Paulo"]
[Date "2017.03.24"]
[Round "2"]
[White "Pessoto, Lara Garcia"]
[Black "Dutra, Liliam Guedes"]
[Result "0-1"]
[WhiteElo "1664"]
[BlackElo "1536"]
[PlyCount "30"]
[EventDate "2017.03.24"]
[EventType "swiss (blitz)"]
[EventRounds "6"]
[EventCountry "BRA"]
[SourceTitle "CBM 177 Extra"]
[Source "ChessBase"]
[SourceDate "2017.04.27"]
[SourceVersion "1"]
[SourceVersionDate "2017.04.27"]
[SourceQuality "1"]

1. e4 e6 2. Nf3 d5 3. e5 c5 4. d4 Nc6 5. c3 cxd4 6. cxd4 Nge7 7. Nc3 a6 8. Bd3 Qc7 9. Bg5 Bd7 10. 0-0 Ng6 11. Re1 Be7 12. Qd2 Qd8 13. Na4 Bxg5 14. Nxg5 Nxd4 15. Qf4 Nxf4 0-1

[Event "Sao Paulo Hebraica op 24th"]
[Site "Sao Paulo"]
[Date "2017.01.14"]
[Round "4"]
[White "Pessoto, Lara Garcia"]
[Black "Gabriel, Claudiomar"]
[Result "0-1"]
[WhiteElo "1664"]
[BlackElo "1585"]
[PlyCount "66"]
[EventDate "2017.01.13"]
[EventType "swiss"]
[EventRounds "6"]
[EventCountry "BRA"]
[SourceTitle "CBM 176 Extra"]
[Source "ChessBase"]
[SourceDate "2017.03.02"]
[SourceVersion "1"]
[SourceVersionDate "2017.03.02"]
[SourceQuality "1"]

1. e4 Nf6 2. Nc3 d6 3. d4 g6 4. f3 Bg7 5. Be3 Nbd7 6. Bc4 e5 7. Nge2 0-0 8. Qd2 a6 9. 0-0-0 b5 10. Bb3 Qe8 11. Bh6 Nb6 12. Bxg7 Kxg7 13. Ng3 a5 14. a4 bxa4 15. Ba2 Ba6 16. dxe5 dxe5 17. Qg5 Bc8 18. h4 h6 19. Qd2 Be6 20. Bxe6 Qxe6 21. Kb1 Rab8 22. Nd5 Nc4 23. Qc3 Nxb2 24. Rd2 Nc4+ 25. Kc1 Nxd2 26. Qxd2 Rfd8 27. Qxa5 Nxd5 28. Rd1 Nf4 29. Qxc7 Rxd1+ 30. Kxd1 Rb6 31. h5 Qd6+ 32. Qxd6 Rxd6+ 33. Ke1 a3 0-1

[Event "Sao Paulo Hebraica op 24th"]
[Site "Sao Paulo"]
[Date "2017.01.13"]
[Round "2"]
[White "Fujita, Daniela Miwa"]
[Black "Pessoto, Lara Garcia"]
[Result "1-0"]
[WhiteElo "1550"]
[BlackElo "1664"]
[PlyCount "29"]
[EventDate "2017.01.13"]
[EventType "swiss"]
[EventRounds "6"]
[EventCountry "BRA"]
[SourceTitle "CBM 176 Extra"]
[Source "ChessBase"]
[SourceDate "2017.03.02"]
[SourceVersion "1"]
[SourceVersionDate "2017.03.02"]
[SourceQuality "1"]

1. e4 e5 2. Nf3 Nc6 3. Bb5 Nf6 4. d3 Bb4+ 5. c3 Bc5 6. Bxc6 bxc6 7. Nxe5 0-0 8. 0-0 Qe8 9. Ng4 d5 10. Nxf6+ gxf6 11. exd5 cxd5 12. d4 Bd6 13. Bh6 Ba6 14. Qg4+ Kh8 15. Qg7# 1-0